| 000 | 01356nam a2200277Ia 4500 | ||
|---|---|---|---|
| 005 | 20220316235341.0 | ||
| 008 | 121119s2002 ck a gr 000 p spa | ||
| 020 | _a9583002194 | ||
| 041 | 0 | _aspa | |
| 100 | 1 |
_aHernández, José, _d1834-1886 |
|
| 245 | 1 | 0 |
_aMartín Fierro _cJosé Hernández |
| 250 | _aQuinta reimpresión | ||
| 264 | 1 |
_aBogotá _bPanamericana _c2002 |
|
| 300 |
_a260 páginas _bilustraciones |
||
| 336 |
_atexto _btxt _2rdacontent |
||
| 337 |
_asin mediación _bn _2rdamedia |
||
| 338 |
_avolumen _bnc _2rdacarrier |
||
| 490 | 0 | _aLetras latinoamericanas : poesía | |
| 520 | 3 | _aSin el Martín Fierro la vida de José Hernández estaría hoy olvidada; con él, su nombre alcanzó de pronto los resplandores de la gloria. El éxito de la primera parte de su poema lo condujo a escribir la segunda, bajo el título de la Vuelta de Martín Fierro. En trovas genuinas y vivaces, Fierro, el arquetipo de la llanura argentina, canta y cuenta las angustias del gaucho en la frontera y sus fortines: sus aventuras con Cruz en los toldos de los indios, y, finalmente, su regreso y feliz reencuentro con los suyos | |
| 650 | 1 | 4 |
_2LEMB _aPoesía argentina _ySiglo XIX |
| 650 | 1 | 4 |
_2LEMB _aPoesía épica argentina |
| 650 | 1 | 4 |
_2LEMB _aAutores argentinos gauchos |
| 942 |
_2loc _cBKLIT |
||
| 040 |
_aCO-BoRNBP _bspa _erda _cCO-BoRNBP |
||
| 084 | _aP HER7 | ||
| 999 |
_c691 _d691 |
||